| 000 | 00606nam a22001577a 4500 | ||
|---|---|---|---|
| 008 | 180205b xxu||||| |||| 00| 0 eng d | ||
| 020 | _a9780443068263 | ||
| 050 | _aRC683.5.E5 H3 | ||
| 100 | _aHampton, John R. | ||
| 245 |
_aThe ECG made easy. / _cJohn R. Hampton. |
||
| 250 | _a7th ed. | ||
| 260 |
_aLondon: _bElsevier Ltd., _c2008. |
||
| 300 |
_aviii, 179p.: _bill.; _c19cm |
||
| 505 | _aContents: What the ECG is about -- Conduction and its problems -- The rhythm of the heart -- Abnormalities of P waves, QRS complexes and T waves -- How to use ECG -- Reminders -- Now test yourself. | ||
| 942 |
_2lcc _cBK |
||
| 999 |
_c6467 _d13967 |
||